Sanat: "Kielletyt tunteet" - Kake Randelin - Statistics

Yleistilastot
  • Tätä visaa on pelattu 16 kertaa
  • Keskiarvotulos 65 / 145
Vastaustilastot
Vastaus % Oikein
Kielletyt
100%
tunteet
100%
70%
sisälläin
70%
matkaa
60%
ne
60%
Todeksi
60%
ystäväin
60%
Ei
50%
eivät
50%
en
50%
jatkaa
50%
Kanssasi
50%
kappaleen
50%
koskaan
50%
liittyy
50%
näin
50%
näy
50%
Sinuun
50%
Vaan
50%
vain
50%
Vain
50%
ees
40%
Enkä
40%
hellyyteen
40%
hetkelliseen
40%
jo
40%
käy
40%
kuin
40%
kulkea
40%
Kun
40%
lupaa
40%
omisti
40%
on
40%
On
40%
saa
40%
sain
40%
sinua
40%
sinut
40%
sun
40%
toiveet
40%
unessa
40%
Arka
30%
Elämästäin
30%
emme
30%
Ikään
30%
Kerran
30%
mieleni
30%
mun
30%
nään
30%
nykyään
30%
omistaa
30%
osan
30%
Osan
30%
saattaneet
30%
se
30%
Toinen
30%
jääköön
20%
lämpöön
20%
niin
20%
nyt
20%
tavattiin
20%
voi
20%
antaa
10%
Helmiä
10%
iäti
10%
Ikävä
10%
kantaa
10%
muistoni
10%
rinnassain
10%
sammumaton
10%
sulle
10%
tahdon
10%
Tänään
10%
Tuskani
10%
Yhtäkään
10%
haaveista
0%
unohdetun
0%
Ehtoja vastaavia visoja ei löytynyt
Tulosjakauma
Jokaisen tuloksen saaneiden osuus
Persentiili vastausten määrän mukaan
Tuloshistoriasi
Et ole pelannut tätä visaa